MARC

LEADER 00000nam0a2200000 4500
001 274327
005 20231101234722.0
020 |a RU  |b 85-97044 
035 |a (RuTPU)RU\TPU\book\297537 
090 |a 274327 
100 |a 20141105d1985 km y0rusy5003 ca 
101 1 |a rus  |c ger 
102 |a RU 
105 |a y z 001zy 
200 1 |a Элементарная логика  |f В. Зегет  |g под ред. Е. Б. Кузиной 
210 |a Москва  |c Высшая школа  |d 1985 
215 |a 256 с. 
320 |a Библиогр.: с. 254 
606 1 |a Логика  |2 stltpush  |3 (RuTPU)RU\TPU\subj\40551  |9 60396 
610 1 |a мышление 
610 1 |a язык 
610 1 |a высказывания 
610 1 |a импликация 
610 1 |a понятия 
610 1 |a умозаключения 
610 1 |a предикатные логики 
610 1 |a индукция 
686 |a Ю4  |v LBC/SL-A  |2 rubbk 
700 1 |a Зегет  |b В.  |g Вольфганг  |4 070 
702 1 |a Кузина  |b Е. Б.  |4 340 
801 0 |a RU  |b RuMRKP  |c 19950704  |g psbo 
801 1 |a RU  |b 63413507  |c 20141105 
801 2 |a RU  |b 63413507  |c 20170323  |g RCR 
942 |c BK